A Caverna dos Dinossauros (Record no. 266)

MARC details
000 -LÍDER
campo de controle de tamanho fixo 01870nam a2200349 4500
001 - NÚMERO DE CONTROLE
campo de controle 266
003 - IDENTIFICADOR DO NÚMERO DE CONTROLE
campo de controle OSt
005 - DATA E HORÁRIO DA ÚLTIMA TRANSAÇÃO
campo de controle 20250528074016.0
008 - CAMPO DE DADOS FIXOS--INFORMAÇÃO GERAL
campo de controle de tamanho fixo 250312b |||||||j |||| 00| 1 eng d
020 ## - ISBN - INTERNATIONAL STANDARD BOOK NUMBER
ISBN - International Standard Book Number 9788539505166
040 ## - FONTE DA CATALOGAÇÃO
Idioma da catalogação Por
041 ## - CÓDIGO DE IDIOMA
Código do idioma do original e/ou traduções intermediárias do texto eng
Código do idioma do texto/trilha sonora ou título diferente por
082 ## - CDD - CLASSIFICAÇÃO DECIMAL DE DEWEY
Número de Classificação 028.5
Número do exemplar S879c
100 ## - ENTRADA PRINCIPAL--NOME PESSOAL
Nome pessoal Stone, Rex
9 (RLIN) 494
240 ## - TÍTULO UNIFORME
Título uniforme Dinosaur Cove: Attack of the Lizard King
245 ## - TÍTULO
Título A Caverna dos Dinossauros
Restante do título O ataque do lagarto rei /
Indicação de responsabilidade, etc. Stone, Rex ; tradução de Barbara Sampaio Vieira Duarte e ilustração de Mike Spoor
260 ## - PUBLICAÇÃO, DISTRIBUIÇÃO, ETC.
Local de publicação, distribuição, etc. São Paulo
Nome do editor, distribuidor, etc. Fundamento
Data da publicação, distribuição, etc. 2014
300 ## - DESCRIÇÃO FÍSICA
Extensão 59 p.
Outros detalhes físicos il.
490 1# - TÍTULO DA SÉRIE
Título da série A Caverna dos Dinossauros
Número do volume ou designação sequencial da série Livro 1
520 ## - NOTA DE RESUMO, ETC.
Resumo, etc. Jamie e seu pai acabam de se mudar para a Enseada do Dinossauro. O lugar tem esse nome por causa dos inúmeros fósseis que são encontrados lá. E o que pode ser mais legal que fósseis de dinossauro? Dinossauros de verdade, oras! Quando Jamie e seu amigo, Tom, exploram a famosa Caverna dos Dinossauros, eles fazem uma descoberta sensacional e totalmente inesperada! Uma passagem secreta os leva a um mundo que parece ter parado no tempo, pois é habitado por várias espécies de dinossauros. Inclusive o maior e mais perigoso dos carnívoros: o Tyrannosaurus rex! Agora, Jamie e Tom precisam fugir do assustador tiranossauro e encontrar o caminho de volta para casa antes que virem comida do monstro ou que a maré suba e inunde a caverna. Será que eles conseguem? Venha conferir!<br/><br/>
650 #0 - ASSUNTO--TERMO TÓPICO
Cabeçalho tópico ou nome geográfico Literatura Americana
9 (RLIN) 84
650 #0 - ASSUNTO--TERMO TÓPICO
Cabeçalho tópico ou nome geográfico Infantojuvenil
9 (RLIN) 200
650 #0 - ASSUNTO--TERMO TÓPICO
Cabeçalho tópico ou nome geográfico Dinossauros
9 (RLIN) 495
650 #0 - ASSUNTO--TERMO TÓPICO
Cabeçalho tópico ou nome geográfico Aventura
9 (RLIN) 47
650 #0 - ASSUNTO--TERMO TÓPICO
Cabeçalho tópico ou nome geográfico Grandes Amizades
9 (RLIN) 28
655 #0 - TERMO DE ÍNDICE--GÊNERO E FORMA
Gênero/forma/ou termo foco Romance
655 #0 - TERMO DE ÍNDICE--GÊNERO E FORMA
Gênero/forma/ou termo foco Ficção
700 ## - ENTRADA ADICIONADA - NOME PESSOAL
Nome pessoal Barbara Sampaio Vieira Duarte
Função do autor por extenso TRADUTORA
9 (RLIN) 496
700 ## - ENTRADA ADICIONADA - NOME PESSOAL
Nome pessoal Mike Spoor
Função do autor por extenso Ilustrador
9 (RLIN) 497
830 ## - ENTRADA SECUNDÁRIA DE SÉRIE--TÍTULO UNIFORME
Título uniforme A Caverna dos Dinossauros
Número do volume ou designação sequencial da série Livro 1
9 (RLIN) 498
942 ## - ELEMENTOS DE ENTRADA ADICIONADOS (KOHA)
Fonte de classificação ou esquema de arquivamento Classificação decimal de Dewey
Ocultar no OPAC Não
Tipo de material Koha Livros
Holdings
Situação do descarte Situação das perdas Fonte de classificação ou esquema de arquivamento Materiais especificados (volume encadernado ou outra parte) Status danificado Não pode ser emprestado Coleção Biblioteca de origem Biblioteca atual Localização na estante Data de aquisição Fonte de aquisição Total de empréstimos Número de chamada completo Código de barras Data de último acesso Data do preço efetivo Tipo de material Koha
    Classificação decimal de Dewey vol. 01     Ficção Biblioteca Professor Eduardo Afonso de Castro Biblioteca Professor Eduardo Afonso de Castro Infanto Juvenil 12.03.2025 doação   IJ 028.5 / S879c 2025-17221 12.03.2025 12.03.2025 Livros

Powered by Koha